| 000 | 01198nam a22004210a 4500 | ||
|---|---|---|---|
| 001 | UByD000233 | ||
| 003 | AR-LpoUNG | ||
| 005 | 20240215174959.0 | ||
| 008 | 220320s2021||||ag |||||||||||||||||spa d | ||
| 020 | _a9789876305587 | ||
| 040 |
_aAR-LpoUNG _bspa _eaacr |
||
| 044 | _aag | ||
| 082 | 0 | _a982.068 965que | |
| 100 | 1 | _aCuello, Camila | |
| 245 | 1 | 0 |
_a¡Que se vayan todos! : _bel sentido político de las manifestaciones del 19 y el 20 de diciembre de 2001 |
| 250 | _a1ra. ed. | ||
| 260 |
_aBuenos Aires : _bUniversidad Nacional de General Sarmiento, _c2021. |
||
| 300 | _a132 p. | ||
| 490 | 0 |
_aPolítica, políticas y sociedad ; _vno. 40 |
|
| 650 | 4 | _aARGENTINA | |
| 650 | 4 | _aHISTORIA | |
| 650 | 4 | _aCIENCIA POLITICA | |
| 650 | 4 | _aDERECHOS HUMANOS | |
| 650 | 4 | _aEQUIDAD SOCIAL | |
| 650 | 4 | _aESTADO | |
| 650 | 4 | _aSOCIEDAD | |
| 650 | 4 | _aANALISIS HISTORICO | |
| 650 | 4 | _aIDEOLOGIAS POLITICAS | |
| 650 | 4 | _aASPECTOS POLITICOS | |
| 650 | 4 | _aMOVIMIENTOS SOCIALES | |
| 650 | 4 | _aCONFLICTOS SOCIALES | |
| 650 | 4 | _aCONFLICTOS POLITICOS | |
| 650 | 4 | _aSOCIEDAD CIVIL | |
| 653 | 0 | _aINCLUSION SOCIAL | |
| 653 | 0 | _aNEOLIBERALISMO | |
| 905 | _a58637 | ||
| 942 |
_cLIB _2ddc |
||
| 999 |
_c62956 _d62956 |
||